000 00513nam a2200145 a 4500
008 120416s0000 ||||||||||||||||| || u
020 _a0827321392
050 _aT 359 Oli
100 _aOlivo, C. Thomas
245 1 0 _aBasic blueprint reading and sketching
260 _aNew York
_bDelmar Publishers
_c1952
300 _aix, 145p. : ill.
350 _a0.00
995 _D0.00
_FCBU-MAIN LIBRARY (Kitwe)
_H1
_I10.25
_M1
_UAVAILABLE
_ZMain Library Open Access Collection
999 _c35497
_d35497